LDR 00843nam a2200205 i 4500 001 000000063002 003 CaOOAMICUS 005 20260515142655.0 008 130326s1960 xx u000 u ger u 013 $a34174 040 $aSeMil$bita 245 14$aDie christliche Lehre von Schöpfung und Erlösung /$cEmil Brunner. 264 1$aZürich ; Stuttgart :$bZwingli,$c1960. 300 $a407 p. ;$c22 cm 773 0 $aBrunner, Emil <1889-1966>$tDogmatik.$b3. Aufl.$dZürich ; Stuttgart : Zwingli, 1960.$g2$w()28258 850 $aSeMil 852 $aSeMil$W1$xVenegono$y1$m2B II 669$j272063$B29155$CSeMilBibl$Z2$F29158 $81 996 $6245$aDie christliche Lehre von Schöpfung und Erlösung$9(OLS)http://semarc/title/99278 996 $6264$aZürich ; Stuttgart :$bZwingli$9(OLS)http://semarc/publisher/32408